000
00215nam a22000977a 4500
999
_c
261569
_d
261568
020
_a
043977361
100
_a
Steve Metzger
245
_a
We're Going on a Leaf Hunt
260
_a
U.S.A
_b
Scholastic
_c
2005
942
_c
BK